书目信息 |
| 题名: |
南唐二主词笺注
|
|
| 作者: | 李璟 , 李煜 著 ;王仲闻 , 陈书良 , 刘娟 校订 | |
| 分册: | ||
| 出版信息: | 北京 中华书局 2013.04 |
|
| 页数: | 233页 | |
| 开本: | 21cm | |
| 丛书名: | 中国古典文学基本丛书 | |
| 单 册: | ||
| 中图分类: | I222.843.2 | |
| 科图分类: | ||
| 主题词: | 词(文学)--作品集--中国--南唐 , 词(文学) | |
| 电子资源: | ||
| ISBN: | 978-7-101-09168-7 | |
| 000 | 01082oam2 2200325 450 | |
| 001 | 012013065182 | |
| 005 | 20140612090319.24 | |
| 010 | @a978-7-101-09168-7@dCNY25.00 | |
| 100 | @a20130606d2013 em y0chiy0110 ea | |
| 101 | 0 | @achi |
| 102 | @aCN@b110000 | |
| 105 | @ay z 000gy | |
| 106 | @ar | |
| 200 | 1 | @a南唐二主词笺注@9nan tang er zhu ci jian zhu@f(南唐)李璟,李煜著@g王仲闻校订@g陈书良,刘娟笺注 |
| 210 | @a北京@c中华书局@d2013.04 | |
| 215 | @a233页@d21cm | |
| 225 | 2 | @a中国古典文学基本丛书 |
| 330 | @a本书主要内容包括:应天长(一钩初月临妆镜)、望远行(碧砌花光锦绣明)、虞美人(春花秋月何时了)、鸟夜啼(昨夜风兼雨)等。 | |
| 333 | @a文史研究者、爱好者 | |
| 461 | 0 | @12001 @a中国古典文学基本丛书 |
| 606 | 0 | @a词(文学)@x作品集@y中国@z南唐 |
| 606 | 0 | @a词(文学) |
| 690 | @aI222.843.2@v5 | |
| 701 | 0 | @c(南唐)@a李璟@9li jing@4著 |
| 701 | 0 | @a李煜@9li yu@4著 |
| 702 | 0 | @a王仲闻@9wang zhong wen@4校订 |
| 702 | 0 | @a陈书良@9chen shu liang@4笺注 |
| 702 | 0 | @a刘娟@9liu juan@4笺注 |
| 801 | 0 | @aCN@b人天书店@c20130606 |
| 905 | @b549578-82@dI222.843.2@e548@f5 | |
| 南唐二主词笺注/(南唐)李璟,李煜著/王仲闻校订/陈书良,刘娟笺注.-北京:中华书局,2013.04 |
| 233页;21cm.-(中国古典文学基本丛书) |
| 使用对象:文史研究者、爱好者 |
| ISBN 978-7-101-09168-7:CNY25.00 |
| 本书主要内容包括:应天长(一钩初月临妆镜)、望远行(碧砌花光锦绣明)、虞美人(春花秋月何时了)、鸟夜啼(昨夜风兼雨)等。 |
| ● |
| 相关链接 |
|
|
|
|
正题名:南唐二主词笺注
索取号:I222.843.2/548
 
预约/预借
| 序号 | 登录号 | 条形码 | 馆藏地/架位号 | 状态 | 备注 |
| 1 | 549578 | 205495784 | 第一样本阅览室/ [索取号:I222.843.2/548] | 在馆 | |
| 2 | 549579 | 205495793 | 第二借阅区/ [索取号:I222.843.2/548] | 在馆 | |
| 3 | 549580 | 205495800 | 密集书库-文学院/ [索取号:I222.843.2/548] | 在馆 | |
| 4 | 549581 | 205495819 | 第二借阅区/ [索取号:I222.843.2/548] | 在馆 | |
| 5 | 549582 | 205495828 | 第二借阅区/ [索取号:I222.843.2/548] | 在馆 |